Prosecuting the shoplifter : a loss prevention strategy /

Bibliographic Details
Main Author: Cleary, James, Jr
Format: Book
Language:English
Published: Boston : Butterworth Publishers, [1986]
Subjects:

MARC

Tag First Indicator Second Indicator Subfields
LEADER 00000cam a22000008a 4500
001 in00000402721
005 20160115090504.0
008 850503s1986 mau b 00110 eng
010 |a  85011342  
020 |a 0409951161 
035 |a (OCoLC)12103483 
035 |9 ABT2552AM 
039 0 |a 2  |b 3  |c 3  |d 3  |e 3 
040 |a DLC  |c DLC  |d TXA  |d UtOrBLW 
043 |a n-us--- 
049 |a TXAM  |c [A09281113] 
050 0 0 |a KF9352  |b .C58 1986 
082 0 |a 345.73/0262  |a 347.305262  |2 19 
100 1 |a Cleary, James,  |c Jr. 
245 1 0 |a Prosecuting the shoplifter :  |b a loss prevention strategy /  |c James Cleary, Jr. 
263 |a 8511 
264 1 |a Boston :  |b Butterworth Publishers,  |c [1986] 
264 4 |c ©1986 
300 |a xiii, 287 pages 
336 |a text  |b txt  |2 rdacontent 
337 |a unmediated  |b n  |2 rdamedia 
338 |a volume  |b nc  |2 rdacarrier 
504 |a Includes bibliographical references and index. 
650 0 |a Shoplifting  |z United States. 
999 |a MARS 
999 f f |s 69a786a3-7336-3eee-83bd-32d318af586a  |i 972d4144-bea6-3608-ae87-f2fbcddabcd0  |t 0 
952 f f |p ric  |a Texas A&M University  |b Rellis Campus  |c Joint Library Facility  |d Remote Storage  |t 0  |e KF9352 .C58 1986  |h Library of Congress classification  |i unmediated -- volume  |m A14809281113 
998 f f |a KF9352 .C58 1986  |t 0  |l Remote Storage